Mapa Afryki - Statystyki

Ogólne statystyki
  • Ten quiz został rozwiązany 16 razy
    10 od ostatniego zresetowania
  • Średni wynik to 21 z 51
Statystyki odpowiedzi
Hint Odpowiedź % Poprawnych
jezioro wiktorii
100%
rzeka nil
86%
góry atlas
71%
jezioro czad
71%
zatoka gwinejska
71%
kotlina kalahari
71%
pustynia kalahari
71%
rzeka kongo
71%
wyspa madagaskar
71%
jezioro niasa
71%
pustynia sahara
71%
wyżyna somalijska
71%
nizina somalijska
71%
wyżyna abisyńska
57%
półwysep somalijski
57%
wyżyna wschodnioafrykańska
57%
pustynia arabska
43%
wyżyna bije
43%
kotlina czadu
43%
kotlina konga
43%
pustynia libijska
43%
kanał mozambicki
43%
pustynia namib
43%
rzeka niger
43%
rzeka oranje
43%
góry przylądkowe
43%
góry smocze
43%
kanał sueski
43%
jezioro tanganika
43%
jezioro alberta
29%
pustynia marokańska
29%
jezioro nasera
29%
rzeka nil biały
29%
rzeka nil błękitny
29%
rzeka senegal
29%
pustynia wielki erg wschodni
29%
pustynia wielki erg zachodni
29%
rzeka zambezi
29%
góry adamawa
14%
góry ahaggar
14%
zbiornik asuański
14%
wyżyna darfur
14%
rzeka limpopo
14%
nizina mozambicka
14%
rzeka okawango
14%
pystynia? sahel
14%
nizina senegalska
14%
jezioro tana
14%
góry tibesti
14%
jezioro turkana
14%
zbiornik wolta
14%
Nie znaleziono quizów pasujących do podanych kryteriów
Rozkład punktacji
Procent ludzi z każdym wynikiem
Percentyl według liczby udzielonych odpowiedzi
Twoja historia wyników
Nie rozwiązałeś tego quizu od ostatniego zresetowania